Flower crafts in a weekend : exquisite gifts to make using fresh, dried, pressed, silk and parchment flowers

Bibliographic Details
Main Author: Walker, Coral
Format: Book
Language:English
Published: London : New Holland (Publisher) , c1996
Subjects:

MARC

LEADER 00000cam a2200000 7i4500
001 0000012445
005 20230627.0
008 030910 enk eng
020 |a 1853687278 (pbk) 
040 |a INS 
090 0 0 |a SB449.3.D7   |b .W1511 1996 
100 1 |a Walker, Coral 
245 1 0 |a Flower crafts in a weekend :   |b exquisite gifts to make using fresh, dried, pressed, silk and parchment flowers   |c Coral Walker 
260 |a London :   |b New Holland (Publisher) ,   |c c1996 
300 |a 80 p. :   |b col. ill. ;   |c 28 cm. 
500 |a Includes index 
650 0 |a Flower gradening   |x Flower-Drying   |y Dried Flower arrangement 
999 |a 0000012600   |b BOOK   |c Open Shelf   |e Default branch